Medio 2 : natural, social y cultural : educación primaria, primer ciclo

Gespeichert in:
Bibliographische Detailangaben
1. Verfasser: Batalla Clavell, E.
Weitere Verfasser: Betriu Gibert, Maria D.
Format: Buch
Sprache:Spanisch
Erschienen: Barcelona : Vicens Vives, 1992
Katalog:MANES:  Suchergebnis im Bibliothekskatalog
Schulbuchspezifische Eigenschaften:
Tags: Tag hinzufügen
Keine Tags, Fügen Sie den ersten Tag hinzu!
Hinzugefügt zu:25.08.2005
Geändert in:07.05.2025

MARC

LEADER 00000cam a2200000 i 4500
005 20250507134612.0
008 050826s1992 espao fp 000 0 spa d
020 |a 8431629673 
040 |a uned  |b spa  |c entro-manes 
100 1 |a Batalla Clavell, E. 
245 1 0 |a Medio 2 :   |b natural, social y cultural : educación primaria, primer ciclo /   |c Elena Batalla, Mª Dolores Betriu 
260 |a Barcelona :   |b Vicens Vives,   |c 1992 
300 |a 189 p. :   |b il. 
500 |a En la cub.: Ejemplar de muestra 
546 |a España 
561 |5 es-BUNED  |3 L.T.M. 1481  |a España. Fondo Manes UNED  |k MANES 
690 0 |a CS  |a CN 
691 0 |a PRI 
700 1 |a Betriu Gibert, Maria D.  |9 41241 
942 |2 ddc  |c BK 
999 |c 98331  |d 98331 
999 |c manes:98331  |d 98331